000 00883nam a2200253Ia 4500
003 OSt
005 20220923224120.0
006 a|||||r|||| 00| 0
007 ta
008 220922b |||||||| |||| 00| 0 hin d
024 _a225,813
037 _cTextual
040 _aARTS
_cARTS
_bhin
041 _2hin
_ahin
082 _aO152,1M96:g, N0.1-.3
100 _aशर्मा, रामविलास
245 0 _aनिराला की साहित्य साधना
246 _aNirālā kī sāhitya sādhanā
260 _aनयी दिल्ली
_b राजकमल प्रकाशन
_c1990
650 _a हिन्दी साहित्य
_9156264
650 _aहिन्दी कविता
942 _hO152,1M96:g, N0.1-.3
_cTEXL
_2CC
999 _c369345
_d369345